Detergents and the environment

Guardat en:
Dades bibliogràfiques
Autor principal: Clive Southey
Format: Llibre
Idioma:Undetermined
Publicat: New Delhi Tata McGraw-Hill Publishing Company Limited 2001
Etiquetes: Afegir etiqueta
Sense etiquetes, Sigues el primer a etiquetar aquest registre!
Thư viện lưu trữ: Trung tâm Học liệu Trường Đại học Cần Thơ
LEADER 00436nam a2200157Ia 4500
001 CTU_65950
008 210402s9999 xx 000 0 und d
020 |b 434000 
082 |a 363.738 
082 |b S727 
100 |a Clive Southey 
245 0 |a Detergents and the environment 
260 |a New Delhi 
260 |b Tata McGraw-Hill Publishing Company Limited 
260 |c 2001 
980 |a Trung tâm Học liệu Trường Đại học Cần Thơ